LEADER 01339nam0-2200409---450- 001 990003256320203316 005 20090527122213.0 010 $a88-458-0234-5 035 $a000325632 035 $aUSA01000325632 035 $a(ALEPH)000325632USA01 035 $a000325632 100 $a20090527d1999----km-y0itay0103----ba 101 $aita 102 $aIT 105 $a||||||||001yy 200 1 $aPercorsi di studio e di lavoro dei diplomati$eindagine 1998$fSistema statistico nazionale, Istituto nazionale di statistica 210 $aRoma$cIstituto nazionale di statistica$d1999 215 $a285 p.$ctav.$d30 cm$efloppy disk 225 2 $aInformazioni$v29/1999 410 0$12001$aInformazioni$v29/1999 454 1$12001 461 1$1001-------$12001 606 0 $aStudenti medi$xOccupazione$xIndagine statistica 676 $a331.114230945 710 02$aIstat$0374421 801 0$aIT$bsalbc$gISBD 912 $a990003256320203316 951 $a331.114 IST 1 (IS III 195)$b8482 E.C.$cIS III$d00007059 959 $aBK 969 $aECO 979 $aRSIAV4$b90$c20090527$lUSA01$h1219 979 $aRSIAV4$b90$c20090527$lUSA01$h1220 979 $aRSIAV4$b90$c20090527$lUSA01$h1221 979 $aRSIAV4$b90$c20090527$lUSA01$h1222 996 $aPercorsi di studio e di lavoro dei diplomati$91120179 997 $aUNISA LEADER 01188nam2 22003013i 450 001 LO10315997 005 20251003044208.0 100 $a20110310d1970 ||||0itac50 ba 101 | $aita 102 $ait 181 1$6z01$ai $bxxxe 182 1$6z01$an 200 0 $a1 210 $a[S.l.$cs.n.$d1970?]$eRoma$gLa tipografica 215 $a542 p.$d22 cm. 461 1$1001LO10315994$12001 $aLotta di classe e democrazia operaia$ei metalmeccanici e i consigli di fabbrica$f[FIOM]$v1 606 $aMovimento operaio$2FIR$3CFIC010998$9E 606 $aMetalmeccanici$xOrganizzazione sindacale$2FIR$3SBLC019039$9I 676 $a331.80945$9SINDACATI E CONTRATTAZIONE COLLETTIVA. Italia$v23 696 $aOpposizione operaia 699 $aMovimento operaio$zOpposizione operaia 801 3$aIT$bIT-000000$c20110310 850 $aIT-BN0095 $aIT-SA0252 $aIT-NA0079 912 $aLO10315997 950 2$aBiblioteca Centralizzata di Ateneo$cv. 1-2$d 01POZZO LIB.F. SANTI 49$e 0101 0060033515E VMA (001 v. 1(Precedente collocazione S 453)$fB $h20221109$i20221109 977 $a 01$a 83$a BN 996 $a1$961339 997 $aUNISANNIO